000 00883nam a2200289 a 4500
003 AR-BaBNM
005 20251128205728.0
008 082120s2002 ||||||||||||||000 | spa||
020 _a84-7738-193-3
040 _cAR-BaBNM
100 1 _aSantos Gargallo, Isabel
245 0 0 _aAnálisis contrastivo, análisis de errores e interlengua en el marco de la lingüística contrastiva
260 _aMadrid
_bSíntesis
_c1993
300 _a175 p.
_bgráfs.
490 0 _aLingüística
_vv. 9
500 _aContiene referencias bibliográficas en p. 165
650 4 _aSEMIOLOGIA
650 4 _aTEORIA LINGÜISTICA
650 4 _aANALISIS LINGÜISTICO
650 4 _aLINGÜISTICA COMPARATIVA Y DIACRONICA
650 4 _aLINGÜISTICA DESCRIPTIVA
650 4 _aSEMANTICA
650 4 _aGRAMATICA
800 1 _aMarín, Francisco Marcos
_edirector
942 _cBK
998 _cMARTIN
999 _c12583
_d12583